The night berore christmas / (Registro nro. 14493)
[ vista simple ]
| 000 -LIDER | |
|---|---|
| fixed length control field | 00886nam a22003017a 4500 |
| 001 - NÚMERO DE CONTROL | |
| Identificador de número de control | 000638 |
| 003 - IDENTIFICACDOR DE NÚMERO DE CONTROL | |
| control field | DO-SdBNP |
| 005 - DATE AND TIME OF LATEST TRANSACTION | |
| control field | 20231130103632.0 |
| 007 - CAMPOS FIJOS DE DESCRIPCIÓN FÍSICA | |
| fixed length control field | ta |
| 008 - ELEMENTOS DE LONGITUD FIJA | |
| fixed length control field | 161104b1975 nuy a ||| 00| 0 eng d |
| 020 ## - ISBN | |
| International Standard Book Number | 0394830199 |
| 040 ## - FUENTE DE CATALOGACIÓN | |
| Agencia que crea de manera original el registro | BPMSU |
| Idioma de catalogación | spa |
| Agencia que realiza la transcripción | BPMSU |
| 082 #4 - NÚMERO DE CLASIFICACIÓN DECIMAL DE DEWEY | |
| Classification number | 813 |
| Item number | M821n 1975 |
| Edition number | 22 |
| 100 1# - ASIENTO PRINCIPAL -- NOMBRE PERSONAL | |
| Término de relación | Moore, Clement C. |
| Enlace | 1779-1863 |
| 245 14 - MENCIÓN DE TITULO | |
| Título | The night berore christmas / |
| Mención de responsabilidad | Clement C. Moore; ilustrado por Douglas Gorsline |
| 260 ## - PUBLICACIÓN, DISTRIBUCIÓN, ETC. (PIE DE IMPRENTA) | |
| Lugar de publicación, distribución, etc | New York : |
| Nombre del editor, distribuidor, etc. | Random House, |
| Fecha de publicación, distribución, etc | 1975 |
| 300 ## - DESCRIPCIÓN FÍSICA | |
| Extensión | 23 p. : |
| Otros detalles físicos | il., ; |
| Dimensiones | 20 cm. |
| 490 ## - MENCIÓN DE SERIES | |
| Mención de serie | |
| 500 ## - NOTA GENERAL | |
| Nota general | |
| 500 ## - NOTA GENERAL | |
| Nota general | Primera reimpresión: abril de 2008. |
| 590 ## - NOTA LOCAL | |
| Texto de la nota local | Inventariado, 2023/VM |
| 650 #4 - ENCABEZAMIENTO DE MATERIA--TEMÁTICO | |
| Término temático o nombre geográfico como elemento de entrada | Cuentos infantiles estadounidenses |
| 650 #4 - ENCABEZAMIENTO DE MATERIA--TEMÁTICO | |
| Término temático o nombre geográfico como elemento de entrada | Navidad. |
| Subdivisión de forma | Cuentos |
| 650 #4 - ENCABEZAMIENTO DE MATERIA--TEMÁTICO | |
| Término temático o nombre geográfico como elemento de entrada | Libros infantiles |
| 700 1# - ASIENTO SECUNDARIO -- NOMBRE PERSONAL | |
| Nombre personal | Gorsline, Douglas |
| Mención de responsabilidad | ils. |
| 910 ## - VALIDACIÓN | |
| Validación | VMateo V. Control de calidad. BPMSU |
| 942 ## - ADDED ENTRY ELEMENTS (KOHA) | |
| Source of classification or shelving scheme | Dewey Decimal Classification |
| Koha item type | Libros |
| Withdrawn status | Lost status | Source of classification or shelving scheme | Damaged status | Not for loan | Collection code | Home library | Current library | Date acquired | Total Checkouts | Full call number | Barcode | Date last seen | Price effective from | Koha item type |
|---|---|---|---|---|---|---|---|---|---|---|---|---|---|---|
| Dewey Decimal Classification | Colección Infantil General | Biblioteca Pública Metropolitana Salomé Ureña | Biblioteca Pública Metropolitana Salomé Ureña | 11/30/2023 | BPMSU CGI 813 M821n 1975 | BPMSU23110016 | 11/30/2023 | 11/30/2023 | Libros |